Online katalóg knižníc regiónu Turca

Nepýtaj sa kde som (Record no. 21828)

MARC details
000 -LEADER
fixed length control field 01529cam a2200457 a 4500
001 - CONTROL NUMBER
control field 21828
003 - CONTROL NUMBER IDENTIFIER
control field VRT
005 - DATE AND TIME OF LATEST TRANSACTION
control field 20260310162245.0
008 - FIXED-LENGTH DATA ELEMENTS--GENERAL INFORMATION
fixed length control field 240318s2015 xo g 000 f slo
015 ## - NATIONAL BIBLIOGRAPHY NUMBER
National bibliography number SNBA2015/12
020 ## - INTERNATIONAL STANDARD BOOK NUMBER
International Standard Book Number 9788081144578
Qualifying information (viaz.)
035 ## - SYSTEM CONTROL NUMBER
System control number 923AB5A1-963E-4F2E-AD9C-A9584AC883CE
035 ## - SYSTEM CONTROL NUMBER
System control number urn:nbn:sk:snk-amlc2h
035 ## - SYSTEM CONTROL NUMBER
System control number urn:nbn:sk:snk-am0091ng
039 #9 - LEVEL OF BIBLIOGRAPHIC CONTROL AND CODING DETAIL [OBSOLETE]
Level of rules in bibliographic description 202403182018
Level of effort used to assign nonsubject heading access points VLOAD
Level of effort used to assign subject headings 201606101907
Level of effort used to assign classification VLOAD
Level of effort used to assign subject headings 201604300412
Level of effort used to assign classification VLOAD
Level of effort used to assign subject headings 201604292200
Level of effort used to assign classification VLOAD
040 ## - CATALOGING SOURCE
Original cataloging agency POKPOH
Language of cataloging slo
Transcribing agency POKPOH
Modifying agency SNK
Description conventions AACR2
041 0# - LANGUAGE CODE
Language code of text/sound track or separate title slo
044 ## - COUNTRY OF PUBLISHING/PRODUCING ENTITY CODE
MARC country code xo
ISO country code SK
072 #7 - SUBJECT CATEGORY CODE
Subject category code 821.162.4-3
Subject category code subdivision Slovenská próza
Source konspekt
080 ## - UNIVERSAL DECIMAL CLASSIFICATION NUMBER
Universal Decimal Classification number 821.162.4-31
Edition identifier 2001
100 1# - MAIN ENTRY--PERSONAL NAME
Personal name Nagyová-Džerengová, Petra,
Dates associated with a name 1972-
Relationship aut
245 10 - TITLE STATEMENT
Title Nepýtaj sa kde som
Statement of responsibility, etc. Petra Nagyová Džerengová
250 ## - EDITION STATEMENT
Edition statement 2. vyd.
260 ## - PUBLICATION, DISTRIBUTION, ETC.
Place of publication, distribution, etc. Bratislava
Name of publisher, distributor, etc. Marenčin PT
Date of publication, distribution, etc. 2015
300 ## - PHYSICAL DESCRIPTION
Extent 319 s.
Dimensions 17 cm
655 #7 - INDEX TERM--GENRE/FORM
Genre/form data or focus term slovenské romány
Source of term SNKPH
655 #7 - INDEX TERM--GENRE/FORM
Genre/form data or focus term Slovak fiction
Source of term SNKPHeng
910 ## - USER-OPTION DATA (OCLC)
User-option data pokpoh
910 ## - USER-OPTION DATA (OCLC)
User-option data sllk
910 ## - USER-OPTION DATA (OCLC)
User-option data hevk
910 ## - USER-OPTION DATA (OCLC)
User-option data vthk
910 ## - USER-OPTION DATA (OCLC)
User-option data snk
942 ## - ADDED ENTRY ELEMENTS (KOHA)
Source of classification or shelving scheme Dewey Decimal Classification
Koha item type Krásna literatúra pre dospelých
Suppress in OPAC No
949 ## - LOCAL PROCESSING INFORMATION (OCLC)
6 270001000522096
a svkbbA 146695
b svkbbm 757768
949 ## - LOCAL PROCESSING INFORMATION (OCLC)
6 17A1174261
a snkSD 84697
b snk2015/30565
o 2312/15
s 6100:20151211
949 ## - LOCAL PROCESSING INFORMATION (OCLC)
6 17A1175321
a snkSD 84697 D1
b snk2015/32278
o 2312/2015
949 ## - LOCAL PROCESSING INFORMATION (OCLC)
6 2889308788
a savukPV 21606
b savuk2015/4635
949 ## - LOCAL PROCESSING INFORMATION (OCLC)
a snklmDK 7118 SNKLM
b snklm2015/53
949 ## - LOCAL PROCESSING INFORMATION (OCLC)
6 273K0588384
a svkpoA 230206
b svkpo599490
Holdings
Stav vyradenia Strata Poškodenie Spôsob nadobudnutia Domovská knižnica Aktuálna knižnica Dátum nadobudnutia Total checkouts Čiarový kód exemplára Date last seen Typ exemplára
      Dar Obecná knižnica Horná Štubňa Obecná knižnica Horná Štubňa 10.03.2026   9788081144578 10.03.2026 Krásna literatúra pre dospelých
Projekt je podporený Slovenskou asociáciou knižníc
Prevádzkuje Turčianska knižnica Martin 2026